| 000 | 00544nam a2200241Ia 4500 | ||
|---|---|---|---|
| 003 | 0100 | ||
| 008 | 130303s9999 xx 000 0 und d | ||
| 040 | _cARRUPELIB | ||
| 050 | _aHF1359.W39 2001 | ||
| 100 | _aWaters, Malcom | ||
| 245 | _aGlobalization | ||
| 250 | _a2nd ed. | ||
| 260 | _aLondon | ||
| 260 | _bRoutledge | ||
| 260 | _C1995 | ||
| 300 | _a247p. | ||
| 300 | _b 22cm | ||
| 440 | _aKey ideas | ||
| 650 | _bColonies--History | ||
| 650 | _cColonies--Commerce | ||
| 650 | _dColonies--Administration | ||
| 942 |
_2lcc _03 |
||
| 999 |
_c58559 _d58559 |
||